000 00611nam a2200253Ia 4500
003 OSt
005 20220912145641.0
006 a|||||r|||| 00| 0
007 ta
008 220909b |||||||| |||| 00| 0 eng d
024 _a72436
037 _cTextual
040 _aCSL
_beng
_cCSL
041 _aeng
082 _aD7,13:84, L7
100 _aLewis E E
245 0 _aNuclear power reactor saftey
260 _c1977
300 _ap.
_ccm.
500 _aAppendices 599-618p
650 _aNuclear engineering
942 _hD7,13:84, L7
_cTEXL
_2CC
999 _c35640
_d35640